MARC details
| 000 -CABECERA |
| campo de control de longitud fija |
00696nam a2200193 a 4500 |
| 005 - FECHA Y HORA DE LA ÚLTIMA TRANSACCIÓN |
| campo de control |
20210219160300.0 |
| 008 - ELEMENTOS DE LONGITUD FIJA--INFORMACIÓN GENERAL |
| campo de control de longitud fija |
081006s1991 mx r 000 0 spa d |
| 035 ## - NÚMERO DE CONTROL DEL SISTEMA |
| Número de control de sistema |
UPN01000162294 |
| 049 ## - COLECCIÓN |
| Colección |
UNE |
| 080 ## - NÚMERO DE CLASIFICACIÓN DECIMAL UNIVERSAL |
| Número de la Clasificación Decimal Universal |
372.3 (560)=20 =40 KAG No.193. |
| 100 1# - ASIENTO PRINCIPAL--NOMBRE PERSONAL |
| Nombre de persona |
Kagitcibasi, Cigdem |
| 245 14 - MENCIÓN DE TÍTULO |
| Título |
The Early enrichment project in Turkey = Le Projet de renforcement précoce des potentialités de l'enfant en Turquie / |
| Mención de responsabilidad, etc. |
Cigdem Kagitcibasi. |
| 260 ## - PUBLICACIÓN, DISTRIBUCIÓN, ETC. |
| Lugar de publicación, distribución, etc. |
Paris : |
| Nombre del editor, distribuidor, etc. |
UNESCO; |
| Lugar de publicación, distribución, etc. |
New York : |
| Nombre del editor, distribuidor, etc. |
UNICEF; |
| Lugar de publicación, distribución, etc. |
Rome : |
| Nombre del editor, distribuidor, etc. |
WFP, |
| Fecha de publicación, distribución, etc. |
1991. |
| 300 ## - DESCRIPCIÓN FÍSICA |
| Extensión |
50 p. |
| 440 #0 - MENCIÓN DE SERIE/ASIENTO SECUNDARIO--TÍTULO |
| Título |
Notes, comments...; |
| Designación de volumen o secuencia |
193. |
| 690 ## - PUNTO DE ACCESO ADICIONAL DE MATERIA LOCAL--TÉRMINO DE MATERIA (OCLC, RLIN) |
| Término de materia o nombre geográfico como elemento inicial |
Niños de edad preescolar- Turquia |
| 690 ## - PUNTO DE ACCESO ADICIONAL DE MATERIA LOCAL--TÉRMINO DE MATERIA (OCLC, RLIN) |
| Término de materia o nombre geográfico como elemento inicial |
Primera infancia- Educacion- Turquia |
| 905 ## - TIPO DE MATERIAL |
| Tipo de material |
UNESCO |